Coppe calcistiche sospese o non UEFA - Statistics

Statistiche generali
  • Questo quiz è stato fatto 6 volte
  • Il punteggio medio è 3 su 10
Statistiche sulle risposte
Tipo Periodo di esistenza Organizzatori Coppa % Corretto
Non UEFA 1955 - 1971 Ernst Thommen, Ottorino Barassi, Stanley Rous Coppa delle Fiere
100%
Sospesa 1961 - 1999 UEFA Coppa delle Coppe UEFA
50%
Sospesa 1995 - 2008 UEFA Coppa Intertoto UEFA
50%
Non UEFA 1970 - 1996 FIGC, FA Coppa Anglo-Italiana
33%
Non UEFA 1960 - 1987 FIGC, ASF Coppa delle Alpi
33%
Non UEFA 1949 - 1957 FIGC, FFF, RFEF, FPF Coppa Latina
33%
Non UEFA 1927 - 1992 OFB, MLS, CSFS, FIGC, ASF, FSJ, FRF Coppa dell'Europa Centrale
17%
Non UEFA 1969 - 1976 FIGC, FA Coppa di Lega Italo-Inglese
0%
Non UEFA 1952 - 1957 Ernst Thommen Coppa Grasshoppers
0%
Non UEFA 1961 - 1994 Karl Rappan, Ernst Thommen Coppa Piano Karl Rappan
0%
Nessun quiz corrispondente trovato
Distribuzione punteggi
Percentuale di utenti per punteggio
Percentile per numero di risposta
I tuoi punteggi nel tempo
Non hai fatto questo quiz